Statistics for Land i Oseania Quiz

Click here to take the quiz!

General Stats

  • This quiz has been taken 1 632 times
  • The average score is 8 of 14

Answers on the Map

Answers color-coded by a green-red scale on the quiz's map according to % correct below.
 

Answer Stats

Land% Correct
Australia
99%
New Zealand
95%
Fiji
79%
Papua Ny-Guinea
62%
Tuvalu
58%
Mikronesiaføderasjonen
55%
Tonga
55%
Kiribati
53%
Marshalløyene
52%
Samoa
51%
Vanuatu
51%
Nauru
50%
Palau
44%
Salomonøyene
44%

Score Distribution

Percentile by Number Answered

Percent of People with Each Score

Your Score History

You have not taken this quiz